LEADER 00957nam a2200229 i 4500 001 000000233394 003 CaOOAMICUS 005 20140919000000.0 008 140919s1904 it u000 u ita u 013 $a212297 040 $aSeMil$bita 100 1 $aSupino, Camillo,$d<1860-1931>.$0(OLS)http://semarc/name/68653 245 10$aPrincipi di economia politica /$cdi Camillo Supino. 260 $aNapoli :$bLuigi Pierro,$c1904. 300 $aXI, 501 p. ;$c20 cm. 490 0 $aManuali Pierro di scienze giuridiche e sociali ;$v2. 650 4$aEconomia - Manuali.$0(OLS)http://semarc/subject/5354 830 0$aManuali Pierro di scienze giuridiche e sociali ;$v2.$0(OLS)http://semarc/title/32676 850 $aSeMil 852 $aSeMil$W1$xVenegono$y1$m3M I 5 ^$j183740$B183740$CSeMilBibl$Z2$F194476 $81 996 $6245$aPrincipi di economia politica$9(OLS)http://semarc/title/95887 996 $6260$aNapoli :$bLuigi Pierro$9(OLS)http://semarc/publisher/36151 LEADER 00858nam a2200205 i 4500 001 000000249173 003 CaOOAMICUS 005 20160504000000.0 008 160504n it u000 u ita u 013 $a228078 040 $aSeMil$bita 245 10$aGennaio-Febbraio /$c[prefazione di Gianfranco Ravasi ; introduzione di David Hugh Farmer ; nota storica di Paul Burns. 300 $a765 p. :$bill. 700 1 $aBurns, Paul.$0(OLS)http://semarc/name/83200 700 1 $aFarmer, David Hugh.$0(OLS)http://semarc/name/83199 700 1 $aRavasi, Gianfranco,$c.$0(OLS)http://semarc/name/244 773 0 $aButler, Alban <1710-1773>$tSanti secondo il calendario.$g1$w()33152 850 $aSeMil 852 $aSeMil$W1$xVenegono$y1$m3H VI 271$j199519$B199519$CSeMilBibl$Z2$F211087 $81 996 $6245$aGennaio-Febbraio$9(OLS)http://semarc/title/351387